000 05802cam a2200541 i 4500
001 21717849
003 BJBSDDR
005 20260421121035.0
007 ta
008 200914s2021 nyu b 001 0 eng
010 _a 2020041790
020 _a9780197519387
_q(hardback)
020 _a9780197519394
_q(paperback)
020 _z9780197519417
_q(epub)
020 _z9780197519424
035 _a21717849
040 _aDLC
_beng
_erda
_cDLC
041 _aeng
042 _apcc
043 _an-us---
050 0 0 _aKF5753
_bN277n 2021
082 0 0 _a342.7308/53
_223
245 1 0 _aNational security, leaks, and freedom of the press :
_bthe Pentagon papers fifty years on /
_cedited by Lee C. Bollinger and Geoffrey R. Stone.
264 1 _aNew York, NY :
_bOxford University Press,
_c[2021].
300 _axviii, 357 pages ;
_c24 cm.
336 _atext
_btxt
_2rdacontent
337 _aunmediated
_bn
_2rdamedia
338 _avolume
_bnc
_2rdacarrier
504 _aIncludes bibliographical references and index.
505 0 _aFighting for balance / Avril Haines -- Crafting a new compact in the public interest : protecting the national security in an era of leaks / Keith B. Alexander and Jamil N. Jaffer -- Leaks of classified information : lessons learned from a lifetime on the inside/ Michael Morell -- Reform and renewal : lessons from Snowden and the 215 program / Lisa O. Monaco -- Government needs to get its own house in order / Richard A. Clarke -- Behind the scenes with the Snowden files : "how the Washington Post and national security officials dealt with conflicts over government secrecy" / Ellen Nakashima -- Let's be practical : a narrow post-publication leak law would better protect the press / Stephen J. Adler and Bruce D. Brown -- What we owe whistleblowers / Jameel Jaffer -- The long, (futile?) Fight for a federal shield law / Judith Miller -- Covering the cyberwars : the press vs the government in a new age of global conflict / David Sanger -- Outlawing leaks / David A. Strauss -- The growth of press freedoms in the United States since 9/11 / Jack Goldsmith -- Edward Snowden, Donald Trump, and the paradox of national security whistleblowing / Allison Stanger -- Information is power : exploring a constitutional right of access / Mary-Rose Papandrea -- Who said what to whom / Cass R. Sunstein -- Leaks in the age of Trump / Louis Michael Seidman the report of the commission, Lee C. Bollinger, Eric Holder, John O. Brennan, Ann Marie Lipinski, Kathleen Carroll, Geoffrey R. Stone, Stephen W. Coll -- Closing statement / Lee C. Bollinger and Geoffrey R. Stone.
520 _a"This chapter principally reviews the development of the law in the United States since the Pentagon Papers decision. It then more briefly addresses three related subjects: the difficulties in assessing the effectiveness of the Pentagon Papers regime in permitting disclosures that benefit public debate more than they harm national security while discouraging leaks that cause more harm than good; how the US legal framework for handling national security information compares to the United Kingdom's; and how technological and institutional changes over the five decades since the Pentagon Papers decision have called into question some of that decision's premises. I.Developments in US Law Since the Pentagon Papers case, the government only rarely has sought to enjoin publication of material-and only once succeeded in winning an injunction on the ground that publication threatened national security. When courts have examined questions of prior restraints, they have consistently looked to the Pentagon Papers decision's reaffirmance of the presumptive unconstitutionality of prior restraints. Since 1971, the government has never sought criminal penalties against the press for merely receiving or publishing classified information. It has, however, brought criminal prosecutions against government employees who leaked classified information to the press without authorization, and it has also sought to prosecute non-media third parties for their role in disseminating information leaked to them by government insiders. The influence of New York Times Co. has been much more limited in these prosecutions. Indeed, in criminal prosecutions brought against leakers, the Pentagon Papers case has often been sidelined as a "prior restraint case," or not mentioned at all. Recently, the government has broken new ground by bringing criminal charges against an organization that some consider to be part of the press-WikiLeaks-alleging that it actively participated in and abetted a leak of classified information. The relevance of New York Times Co. to that situation is uncertain"--
_cProvided by publisher.
600 1 0 _aSnowden, Edward J.,
_d1983-
630 0 0 _aPentagon Papers.
650 0 _aGovernment information
_xLaw and legislation
_zUnited States.
650 0 _aPublic records
_xAcces control
_zUnited States.
650 0 _aNational security
_xLaw and legislation
_zUnited States.
650 0 _aSecurity classification (Government documents)
_zUnited States.
650 0 _aLeaks (Disclosure of information)
_zUnited States
_xHistory.
650 0 _aFreedom of the press
_zUnited States.
650 0 _aGovernment and the press
_zUnited States.
700 1 _aStone, Geoffrey R.,
_d1946-
_eauthor.
_9552
700 1 _aBollinger, Lee C.,
_d1946-
_947951
776 0 8 _iOnline version:
_aC. Bollinger, Lee.
_tNational security, leaks, and freedom of the press
_dNew York, NY : Oxford University Press, [2021]
_z9780197519417
_w(DLC) 2020041791
906 _a7
_bcbc
_corignew
_d1
_eecip
_f20
_gy-gencatlg
942 _2lcc
_cBK
_n0
946 _idpf
999 _c126865
_d126865